Manual de diseno para encofrados de madera

Збережено в:
Бібліографічні деталі
Автор: Vargas Villalobos, Francisco Jose
Формат: Дисертація Книга
Мова:Undetermined
Опубліковано: 1982
Предмети:
Теги: Додати тег
Немає тегів, Будьте першим, хто поставить тег для цього запису!

MARC

LEADER 00000nam a2200000Ia 4500
001 2092
008 140114s9999 xx 000 0 und d
100 |a Vargas Villalobos, Francisco Jose 
245 |a Manual de diseno para encofrados de madera 
260 |c 1982 
500 |a NULL 
502 |a Escuela de ingenieria Civil 
650 |z ENCOFRADOS DE MADERA 
999 |c 11501  |d 11501